Marketing science & inspirations vedecký časopis zameraný na problematiku marketingu a marketingového manažmentu

Na minha lista:
Detalhes bibliográficos
Formato: Periódico
Idioma:eslovaco
Publicado em: Bratislava Univerzita Komenského v Bratislave 2012
Assuntos:
Tags: Adicionar Tag
Sem tags, seja o primeiro a adicionar uma tag!

MARC

LEADER 00000nas2a2200000 4500
001 0228288
005 20170314124951.4
022 |a 1338-7944 
041 0 |a slo 
044 |a SK 
245 1 0 |a Marketing science & inspirations  |b vedecký časopis zameraný na problematiku marketingu a marketingového manažmentu 
264 1 |a Bratislava  |b Univerzita Komenského v Bratislave  |c 2012 
773 0 |w eu_un_cat*0173349 
610 2 0 |a marketing 
610 2 0 |a stratégia marketingová 
610 2 0 |a nástroje marketingové 
610 2 0 |a komunikácia marketingová 
610 2 0 |a podnikanie